Gaming Quiz

Random Gaming or Card Games Quiz

Gaming Speed-Picking Quiz Stats

 Plays Quiz Updated Jun 20, 2016

Challenge
Share
Tweet
Embed
Score 0/50 Timer 02:00
0 Plays Today
% Correct
Xbox
94%
PlayStation
93.5%
GameCube
91.2%
King
88.6%
Pawn
88.1%
Knight
87.5%
Bishop
86.5%
Rook
84.8%
Two Pair
80.2%
Boardwalk
79.7%
Flush
79.4%
Four of a Kind
78.5%
Full House
78.4%
Dreamcast
77%
Park Place
76.3%
High Card
74.3%
Marvin Gardens
73.9%
Genesis
73.9%
Draw Two
68.3%
Skip
68%
Dr. Ivo 'Eggman' Robotnik
63%
Knuckles the Echidna
62.7%
Reverse
62.2%
Miles 'Tails' Prower
61.6%
Wild
59.9%
% Correct
New York
59.8%
Western Australia
55.3%
0
55%
Great Britain
53.1%
Mediterranean
52.2%
Super Mario
52.1%
Madagascar
50.8%
Ukraine
48.4%
Pokémon
46.5%
Iceland
45.6%
Shadow
42.6%
Amy Rose
42.1%
Sports & Leisure
40.3%
Science & Nature
40.1%
Geography
39.9%
Entertainment
39.7%
Metroid
38.3%
History
37.6%
Pikmin
34.3%
F-Zero
33.5%
Coal
31.3%
Gold
31.3%
Iron
31.3%
Diamond
29.3%
Lapis Lazuli
21.9%

You're not logged in!

Compare scores with friends on all Sporcle quizzes.
OR
Log In

You Might Also Like...

Show Comments

Extras

Top Quizzes Today


Score Distribution

Your Account Isn't Verified!

In order to create a playlist on Sporcle, you need to verify the email address you used during registration. Go to your Sporcle Settings to finish the process.

Report this User

Report this user for behavior that violates our Community Guidelines.

Details: